000 00448nam a22001817a 4500
003 MPLRDC
005 20220104113914.0
008 210129b ||||| |||| 00| 0 eng d
020 _a962-447-082-0
082 _a848.3 LFY v.14 c.2
100 _a梁凤仪著
245 _a强人泪
_c
260 _a
_b勤加缘出版社
_c1992
300 _b
490 _a梁凤仪小说系列;14
650 _a现代别集
942 _cBK
_o848.3 LFY v.14 c.2
999 _c3278
_d3268